| 000 | 00850nam a2200301Ia 4500 | ||
|---|---|---|---|
| 003 | OSt | ||
| 005 | 20220912151334.0 | ||
| 006 | a|||||r|||| 00| 0 | ||
| 007 | ta | ||
| 008 | 220909b |||||||| |||| 00| 0 eng d | ||
| 020 | _a1568811780 (hbd) | ||
| 024 | _a1516 | ||
| 037 | _cTextbook | ||
| 040 |
_aCSL _beng _cCSL |
||
| 041 | _aeng | ||
| 082 | _aD65,8(B):(B288), M6;P2 TD | ||
| 100 | _aWilf Herbert S | ||
| 245 | 0 | _aAlgorithms and complexity | |
| 250 | _a2 | ||
| 260 |
_aNatick _bA K Peters _c2002 |
||
| 300 |
_aix,219p. _ccm. |
||
| 500 |
_aIncludes bibliographical references.; Index 217-219p. _ccm. |
||
| 650 | _a Computational complexity | ||
| 650 | _a Computer algorithms | ||
| 650 | _aProblem solving | ||
| 942 |
_hD65,8(B):(B288), M6;P2 TD _cTB _2CC |
||
| 999 |
_c66279 _d66279 |
||